| 000 | 00386nam a2200133 4500 | ||
|---|---|---|---|
| 008 | 240910b |||||||| |||| 00| 0 eng d | ||
| 040 |
_aNational Science Library _cNational Science Library |
||
| 080 |
_a582.5=30 _bF6 |
||
| 100 | _aEngler.A | ||
| 245 | _aDie naturlichen pflanzenfamilien | ||
| 260 |
_aLeipzig _bVerlag von wilhelm engelmann _c1926 |
||
| 300 | _b167p | ||
| 942 |
_cREF _2udc |
||
| 999 |
_c67112 _d67112 |
||